000
00319nam a2200109Ia 4500
008
171211s9999 xx 000 0 und d
245
_a
How to Think in Chess
245
_c
Jan Przewoznick and Marek Soszynski
260
_c
2001
650
_x
Family and Friendship
856
_u
http://down.ebook777.com/035/1888690100.pdf
999
_c
350237
_d
350237